Akta pencegahan rasuah 1997 (Akta 575) .

Bibliographic Details
Corporate Author: MALAYSIA
Format: Book
Published: Kuala Lumpur : Percetakan Nasional Malaysia , 1997
Series:Undang-undang Malaysia
Subjects:

MARC

LEADER 00000cam a2200000 7i4500
001 0000000610
005 20001019.0
090 0 0 |a R345.59502322   |b MAL 1997 
110 1 0 |a MALAYSIA 
245 1 0 |a Akta pencegahan rasuah 1997 (Akta 575) .   |l Anti-Corruption Act 1997 (Act 575) 
260 0 0 |a Kuala Lumpur :   |b Percetakan Nasional Malaysia ,   |c 1997 
300 |a 59 p. ;   |c 25 cm. 
440 0 0 |a Undang-undang Malaysia 
650 0 0 |a Bribery   |x Law and legislation   |z Malaysia 
650 0 0 |a Corruption (in politics)   |z Malaysia 
999 |a 0000001897   |b Monograph   |c Reference   |e Default branch